000 00479nam a22001817a 4500
003 NUST
038 _akhadija
082 _a891.43930
_bJAV
100 _aJaved Chaudhry
_988899
245 _aZero Point /
_cJaved Chaudhary
260 _aLahore
_bILmo Irfan Publisher
_c2009.
300 _a320p. ;
500 _aHardcover.
563 _aHB
880 _6100-01
_aجاوید چوہدری
880 _6245-02
_a۳زیرو پوائنٹ
_cجاوید چوہدری
942 _cBK
_2ddc
999 _c32549
_d32549